00489nam a22001337a 4500020001800000082001600018245010200034260005200136300001600188650004700204650003100251650004500282700002800327 a9780190125844 aA99 N315\85 aSelected works of Jawaharlal Nehru, vol.85 (1 January - 26 May 1964)cedited by Madhavan K. Palat aNew DelhibJawaharlal Nehru Memorial Fundc2019 axxii, 521p. aIndia -- Politics and government -- 1947-  aIndia -- History -- 1947-  aIndia -- Foreign relations -- 1947-1984. aPalat, Madhavan K., ed.